| 000 | 00723cam a22002177a 4500 | ||
|---|---|---|---|
| 003 | OSt | ||
| 005 | 20151104100601.0 | ||
| 008 | 150202s2014 spca||| |||| 001 0 spa|d | ||
| 017 |
_aDL B 22866-2014 _bBiblioteca de Catalunya |
||
| 020 | _a9788490644935 | ||
| 040 |
_bcat _cCDMR |
||
| 100 | 1 | _aBernal Triviño, Ana Isabel | |
| 245 | 1 | 0 |
_aHerramientas digitales para periodistas _b: guía práctica para el periodismo online _cAna Isabel Bernal Triviño |
| 260 |
_aBarcelona _bEditorial UOC _c2014 |
||
| 300 |
_a180 p. : _bil. ; _c24 cm |
||
| 504 | _aReferències bibliogràfiques. Índex | ||
| 650 | 0 | 4 |
_aWeb 2.0 _93137 |
| 650 | 0 | 4 |
_aInternet _93138 _xArt d'escriure |
| 650 | 0 | 4 |
_93076 _aPeriodisme digital |
| 942 |
_cMON _2udc |
||
| 999 |
_c6866 _d6866 |
||